000 00701nam a22002177a 4500
003 0
005 20251017105830.0
008 251017b xxu||||| |||| 00| 0 eng d
020 _a978-1-5290-9362-9
050 _aPN 4181
_b.H37 2023
100 _aHasan, Mehdi,
_eauthor.
245 _aWin every argument :
_bthe art of debating, persuading and public speaking /
_cMehdi Hasan.
260 _aLondon :
_bMacmillan Business,
_c2023.
300 _a317 pages ;
_c20 cm.
500 _aIncludes acknowledgements.
504 _aIncludes bibliographical references and index.
650 _aDebates and debating.
650 _aPersuasion (Rhetoric).
650 _aPublic speaking.
942 _2lcc
_cBK
999 _c368262
_d368262